F1 - Tous les pilotes Ferrari avec au moins une pole - Statistiques

Statistiques générales
  • Ce quiz a été pris 85 fois
  • Le résultat moyen est 20 sur 34
Statistiques - réponses
Années chez Ferrari Nationalités Poles positions Pilotes % Correct
2019- Monaco 26 Charles Leclerc
97%
1996-2006 Allemagne 58 Michael Schumacher
97%
2021-2024 Espagne 6 Carlos Sainz
93%
1974-1977 Autriche 23 Niki Lauda
93%
2015-2020 Allemagne 12 Sebastian Vettel
93%
2007-2009 ; 2014-2018 Finlande 7 Kimi Räikkönen
92%
2008-2013 Brésil 15 Felipe Massa
90%
1950-1954 Italie 13 Alberto Ascari
83%
2010-2014 Espagne 4 Fernando Alonso
83%
2000-2005 Brésil 11 Rubens Barichello
83%
1956 Argentine 6 Juan Manuel Fangio
81%
1991-1995 France 1 Jean Alesi
78%
1977-1982 Canada 2 Gilles Villeneuve
68%
1968 ; 1970-1973 Belgique 11 Jacky Ickx
68%
1989-1990 Royaume-Uni 3 Nigel Mansell
64%
1971-1972 ; 1982 Etats-Unis 1 Mario Andretti
59%
1987-1989, 1993-1995 Autriche 7 Gerhard Berger
58%
1979-1980 Afrique du Sud 1 Jody Scheckter
56%
1958-1962 Etats-Unis 6 Phil Hill
56%
1983-1985 France 4 René Arnoux
53%
1970-1972 ;1974-1976 Suisse 4 Clay Regazzoni
49%
1952-1955 Italie 3 Giuseppe Farina
49%
1953-1955 ; 1957-1958 Royaume-Uni 4 Mike Hawthorn
49%
1963-1966 Royaume-Uni 4 John Surtees
47%
1981-1982 France 2 Didier Pironi
44%
1976-1978 Argentine 2 Carlos Reutemann
41%
1982-1983 France 4 Patrick Tambay
41%
1984-1988 Italie 2 Michele Alboreto
32%
1956-1961 Allemagne 1 Wolfgang Van Trips
32%
1951 ; 1954 Argentine 3 José Froilan Gonzalez
31%
1962-1967 Italie 1 Lorenzo Bandini
22%
1959 Royaume-Uni 2 Tony Brooks
22%
1967-1969 Nouvelle-Zélande 3 Chris Amon
17%
1966-1967 Royaume-Uni 1 Mike Parkes
7%
Aucun quiz correspondant
Distribution des résultats
% des personnes avec chaque résultat
Percentile par nombre de réponses
Votre historique - résultats
Vous n’avez pas pris ce quiz